| 000 | 00365nam a2200133Ia 4500 | ||
|---|---|---|---|
| 008 | 240719s9999 xx 000 0 und d | ||
| 041 | _aeng | ||
| 082 | _a 657 SHA | ||
| 100 | _aSharma, D. G | ||
| 245 | _aIllustrated Guide To Accounting Standards | ||
| 260 |
_aNew Delhi _bTaxmann _c2004 |
||
| 300 | _a513;. P. 24 Cm | ||
| 520 | _aGifted By : IMT Faculty Dr.Pawan sir | ||
| 999 |
_c41311 _d41311 |
||